| 000 -LEADER |
| fixed length control field |
00240cam a22000977a 4500 |
| 008 - FIXED-LENGTH DATA ELEMENTS--GENERAL INFORMATION |
| fixed length control field |
180718b xxu||||| |||| 00| 0 eng d |
| 082 ## - DEWEY DECIMAL CLASSIFICATION NUMBER |
| Classification number |
B3 Ur3p |
| 100 ## - MAIN ENTRY--PERSONAL NAME |
| Personal name |
Urges, Joseph A. |
| 245 ## - TITLE STATEMENT |
| Title |
Public administration |
| Statement of responsibility, etc. |
by Joseph A.Urges |
| 260 ## - PUBLICATION, DISTRIBUTION, ETC. |
| Place of publication, distribution, etc. |
|
| Name of publisher, distributor, etc. |
|
| Date of publication, distribution, etc. |
|